000 01027cam a22002531i 4500
003 SA-RiAUC
005 20250518095309.0
008 250515s1959 ua g b 000 0 ara c
040 _aLB-BrLEU
_bara
_cSA-RiAUC
_erda
082 0 4 _a245
_qSA-RiAUC
090 _a245
_b غ ر ا
100 1 _aالغرابي، علي مصطفى
_eمؤلف.
245 1 0 _aتاريخ الفرق الإسلامية ونشأة علم الكلام عند المسلمين /
_cتأليف علي مصطفى الغرابي.
264 1 _aالقاهرة :
_bمكتبة ومطبعة محمد علي صبح،
_c1959
300 _a310 صفحة ؛
_c24 سم
336 _aنص
_btxt
_2rdacontent
_3كتاب
337 _aبدون وسيط
_bn
_2rdamedia
338 _aمجلد
_bnc
_2rdacarrier
504 _aيشتمل على إرجاعات ببليوجرافية.
650 7 _aالفرق الإسلامية
_xتاريخ
_2aucsh
650 7 _aعلم الكلام
_xتاريخ
_2aucsh
942 _2ddc
_cBOOK
_n0
949 _aSA-JeALM
_d250515
_umohamedma123
_n1
999 _c8018
_d8018